00538nam a2200181 a 4500001000900000005001700009008004100026020001500067050002200082100001500104245006200119250000600181260004200187300002400229500004800253504003100301650002400332BRCA_44420190320203019.0290705s1990----mx-a---###---#000-0#spa-d a9682433754 4aNK1510b.A24 19911 aAcha, Juan10aIntroducción a la teoría de los diseñoscJuan Acha. a2 aMéxicobTrillasc1990 (reimp. 1991) a169 p.bil.c24 cm. aIncluye índice analítico y onomástico aBibliografía: p. 162-16414aDiseño decorativo